书目信息 |
| 题名: |
世界贸易组织(WTO)教程
|
|
| 作者: | 薛荣久 , 赵玉焕 著 | |
| 分册: | ||
| 出版信息: | 北京 对外经济贸易大学出版社 2009.10 |
|
| 页数: | 328页 | |
| 开本: | 23cm | |
| 丛书名: | 高等院校国际经贸专业规划教材 | |
| 单 册: | ||
| 中图分类: | F743 | |
| 科图分类: | ||
| 主题词: | 世界贸易组织--高等学校--教材 | |
| 电子资源: | ||
| ISBN: | 978-7-81134-605-3 | |
| 000 | 01010nam 2200301 450 | |
| 001 | 524 | |
| 005 | 20140909101043.95 | |
| 010 | @a978-7-81134-605-3@dCNY33.00 | |
| 100 | @a20140310d2009 em y0chiy0121 ea | |
| 101 | 0 | @achi |
| 102 | @aCN@b110000 | |
| 105 | @aak a 000yy | |
| 106 | @ar | |
| 200 | 1 | @a世界贸易组织(WTO)教程@AShi Jie Mao Yi Zu Zhi (WTO) Jiao Cheng@dWorld trade organization textbook@f薛荣久, 赵玉焕著@FXue Rong Jiu , Zhao Yu Huan Zhu@zeng |
| 205 | @a2版 | |
| 210 | @a北京@c对外经济贸易大学出版社@d2009.10 | |
| 215 | @a328页@c图@d23cm | |
| 225 | 2 | @a高等院校国际经贸专业规划教材 |
| 300 | @a普通高等教育“十一五”国家级规划教材 | |
| 320 | @a有书目 (第328页) | |
| 461 | 0 | @12001 @a高等院校国际经贸专业规划教材 |
| 510 | 1 | @aWorld trade organization textbook@zeng |
| 606 | 0 | @a世界贸易组织@x高等学校@j教材 |
| 690 | @aF743@v5 | |
| 701 | 0 | @a薛荣久@AXue Rong Jiu@4著 |
| 701 | 0 | @a赵玉焕@AZhao Yu Huan@4著 |
| 801 | 0 | @aCN@bTANGWEI@c20140603 |
| 905 | @b0837363-65@dF743@e167=2@f3 | |
| 世界贸易组织(WTO)教程=World trade organization textbook/薛荣久, 赵玉焕著.-2版.-北京:对外经济贸易大学出版社,2009.10 |
| 328页:图;23cm.-(高等院校国际经贸专业规划教材) |
| 普通高等教育“十一五”国家级规划教材 |
| ISBN 978-7-81134-605-3:CNY33.00 |
| ● |
| 相关链接 |
|
|
|
|
正题名:世界贸易组织(WTO)教程
索取号:F743/167=2
 
预约/预借
| 序号 | 登录号 | 条形码 | 馆藏地/架位号 | 状态 | 备注 |
| 1 | 0837363 | 208373632 | 第一样本阅览室/ [索取号:F743/167=2] | 在馆 | |
| 2 | 0837364 | 208373641 | 第一借阅区/ [索取号:F743/167=2] | 在馆 | |
| 3 | 0837365 | 208373650 | 密集书库-海洋学院/ [索取号:F743/167=2] | 在馆 |